Visual pollution : (Record no. 533089)

000 -LEADER
fixed length control field 01340cam a2200361 i 4500
001 - CONTROL NUMBER
control field 17499463
003 - CONTROL NUMBER IDENTIFIER
control field NUST
005 - DATE AND TIME OF LATEST TRANSACTION
control field 20191212104753.0
008 - FIXED-LENGTH DATA ELEMENTS--GENERAL INFORMATION
fixed length control field 121018s2014 vtua b 001 0 eng
010 ## - LIBRARY OF CONGRESS CONTROL NUMBER
LC control number 2012038847
020 ## - INTERNATIONAL STANDARD BOOK NUMBER
International Standard Book Number 9780754675341 (alk. paper)
038 ## - RECORD CONTENT LICENSOR
Staff Name MSOHAIL
040 ## - CATALOGING SOURCE
Original cataloging agency DLC
Language of cataloging eng
Transcribing agency DLC
Modifying agency DLC
Description conventions rda
042 ## - AUTHENTICATION CODE
Authentication code pcc
050 00 - LIBRARY OF CONGRESS CALL NUMBER
Classification number HF5841
Item number .P58 2014
082 00 - DEWEY DECIMAL CLASSIFICATION NUMBER
Classification number 659.1342
Edition number 23
100 1# - MAIN ENTRY--PERSONAL NAME
Personal name Portella, Adriana
Fuller form of name (Adriana Araujo)
9 (RLIN) 26776
245 10 - TITLE STATEMENT
Title Visual pollution :
Remainder of title advertising, signage and environmental quality /
Statement of responsibility, etc. Adriana Portella, Oxford Brookes University, The Joint Centre for Urban Design, UK
264 #1 - PRODUCTION, PUBLICATION, DISTRIBUTION, MANUFACTURE, AND COPYRIGHT NOTICE
Place of production, publication, distribution, manufacture Burlington :
Name of producer, publisher, distributor, manufacturer Ashgate,
Date of production, publication, distribution, manufacture, or copyright notice [2014]
300 ## - PHYSICAL DESCRIPTION
Extent xxv, 316 pages :
Other physical details illustrations;
Dimensions 24 cm.
336 ## - CONTENT TYPE
Content type term text
Source rdacontent
337 ## - MEDIA TYPE
Media type term unmediated
Source rdamedia
338 ## - CARRIER TYPE
Carrier type term volume
Source rdacarrier
490 0# - SERIES STATEMENT
Series statement Design and the built environment
500 ## - GENERAL NOTE
General note Includes index.
504 ## - BIBLIOGRAPHY, ETC. NOTE
Bibliography, etc. note Includes bibliographical references (pages 297 -307) and index.
650 #0 - SUBJECT ADDED ENTRY--TOPICAL TERM
Topical term or geographic name entry element Signs and signboards.
9 (RLIN) 26777
650 #0 - SUBJECT ADDED ENTRY--TOPICAL TERM
Topical term or geographic name entry element Public spaces.
9 (RLIN) 26778
650 #0 - SUBJECT ADDED ENTRY--TOPICAL TERM
Topical term or geographic name entry element Aesthetics.
9 (RLIN) 11190
906 ## - LOCAL DATA ELEMENT F, LDF (RLIN)
a 7
b cbc
c orignew
d 1
e ecip
f 20
g y-gencatlg
942 ## - ADDED ENTRY ELEMENTS (KOHA)
Source of classification or shelving scheme
Koha item type Book
Holdings
Withdrawn status Lost status Source of classification or shelving scheme Damaged status Not for loan Permanent Location Current Location Date acquired Total Checkouts Full call number Barcode Date last seen Price effective from Koha item type
          School of Civil and Environmental Engineering (SCEE) School of Civil and Environmental Engineering (SCEE) 12/12/2019   659.1342 NIT-12859 12/12/2019 12/12/2019 Book
          School of Civil and Environmental Engineering (SCEE) School of Civil and Environmental Engineering (SCEE) 12/12/2019   659.1342 NIT-12860 12/12/2019 12/12/2019 Book
© 2023 Central Library, National University of Sciences and Technology. All Rights Reserved.